[Event "Moravia-Silesia Region-chT 2223"]
[Site "Czech Republic"]
[Date "2022.10.09"]
[Round "1"]
[White "Baier, Pavel"]
[Black "Cieslak, Wiktoria"]
[Result "1/2-1/2"]
[WhiteElo "2075"]
[BlackElo "1920"]
[PlyCount "48"]
[EventDate "2022.10.09"]
[EventType "team-tourn"]
[EventRounds "11"]
[EventCountry "CZE"]
[SourceTitle "EXT 2024"]
[Source "ChessBase"]
[SourceDate "2023.10.10"]
[SourceVersion "1"]
[SourceVersionDate "2023.10.10"]
[SourceQuality "1"]
[WhiteTeam "Havirov Banik"]
[BlackTeam "Petrovice Inter"]
[WhiteTeamCountry "CZE"]
[BlackTeamCountry "CZE"]

1. d4 Nf6 2. Nf3 e6 3. Bf4 b6 4. h3 Bb7 5. e3 Be7 6. Nbd2 c5 7. Bd3 d6 8. 0-0 0-0 9. c3 Qc7 10. Qe2 Nc6 11. Bh2 Rfe8 12. e4 e5 13. d5 Nd8 14. Ne1 Nd7 15. c4 Bg5 16. Nb1 g6 17. Nc3 a6 18. Bc2 Bh6 19. Nd3 f6 20. Ba4 Re7 21. Bxd7 Qxd7 22. a4 Nf7 23. f3 Kh8 24. Rab1 Rc8 1/2-1/2

[Event "CZE-chT2F 1819"]
[Site "Czech Republic"]
[Date "2019.01.13"]
[Round "6.7"]
[White "Baier, Pavel"]
[Black "Schoupal, Patrik"]
[Result "1-0"]
[WhiteElo "2084"]
[BlackElo "2016"]
[PlyCount "81"]
[EventDate "2018.10.14"]
[EventType "team-tourn"]
[EventRounds "11"]
[EventCountry "CZE"]
[SourceTitle "EXT 2022"]
[Source "ChessBase"]
[SourceDate "2021.10.06"]
[SourceVersion "1"]
[SourceVersionDate "2021.10.06"]
[SourceQuality "1"]
[WhiteTeam "Havirov Banik"]
[BlackTeam "Trinec II"]
[WhiteTeamCountry "CZE"]
[BlackTeamCountry "CZE"]

1. c4 Nf6 2. Nc3 e5 3. g3 Bb4 4. Bg2 0-0 5. Nf3 Re8 6. 0-0 c6 7. Qb3 a5 8. d3 h6 9. a3 Bd6 10. Qc2 Bc7 11. e4 d6 12. b3 Bg4 13. Bb2 Nbd7 14. h3 Bxf3 15. Bxf3 Nf8 16. Bg2 Ne6 17. Ne2 Bb6 18. Rad1 c5 19. Kh2 Nh5 20. Bf3 Nf6 21. Bg2 Bc7 22. f4 exf4 23. Nxf4 Nxf4 24. Rxf4 Nh5 25. Rf5 g6 26. Qc3 Re5 27. Rf3 Qe7 28. Rdf1 Rf8 29. Qd2 d5 30. Qxh6 d4 31. Bc1 Nxg3 32. Rxg3 Rh5 33. Qd2 Qh4 34. Qf2 g5 35. e5 f5 36. Rxg5+ Kh7 37. Rxh5+ Qxh5 38. Bf4 Rg8 39. e6 Bd8 40. Be5 Bh4 41. Qxf5+ 1-0

[Event "CZE-chT2F 1819"]
[Site "Czech Republic"]
[Date "2018.12.02"]
[Round "4.7"]
[White "Baier, Pavel"]
[Black "Zdrazil, Jan"]
[Result "1/2-1/2"]
[WhiteElo "2076"]
[BlackElo "1972"]
[PlyCount "27"]
[EventDate "2018.10.14"]
[EventType "team-tourn"]
[EventRounds "11"]
[EventCountry "CZE"]
[SourceTitle "EXT 2022"]
[Source "ChessBase"]
[SourceDate "2021.10.06"]
[SourceVersion "1"]
[SourceVersionDate "2021.10.06"]
[SourceQuality "1"]
[WhiteTeam "Havirov Banik"]
[BlackTeam "Vrbno pod Pradedem"]
[WhiteTeamCountry "CZE"]
[BlackTeamCountry "CZE"]

1. Nf3 Nf6 2. c4 g6 3. g3 Bg7 4. Bg2 0-0 5. 0-0 d6 6. Nc3 e5 7. d3 Nbd7 8. Rb1 a5 9. a3 Nc5 10. b4 axb4 11. axb4 Ne6 12. e3 c6 13. Bb2 Nd7 14. b5 1/2-1/2

[Event "CZE-chT2F 1718"]
[Site "Czech Republic"]
[Date "2018.02.25"]
[Round "9.8"]
[White "Bystron, Ladislav"]
[Black "Baier, Pavel"]
[Result "0-1"]
[WhiteElo "1645"]
[BlackElo "2061"]
[PlyCount "40"]
[EventDate "2017.10.15"]
[EventType "team-tourn"]
[EventRounds "11"]
[EventCountry "CZE"]
[SourceTitle "EXT 2022"]
[Source "ChessBase"]
[SourceDate "2021.10.06"]
[SourceVersion "1"]
[SourceVersionDate "2021.10.06"]
[SourceQuality "1"]
[WhiteTeam "Vrbno pod Pradedem"]
[BlackTeam "Havirov Banik"]
[WhiteTeamCountry "CZE"]
[BlackTeamCountry "CZE"]

1. g3 Nf6 2. Bg2 e5 3. Nf3 Nc6 4. 0-0 d5 5. d4 e4 6. Ne1 h5 7. Bg5 Be7 8. e3 Bf5 9. c3 Qd7 10. Nd2 0-0-0 11. b4 Ng4 12. Bxe7 Qxe7 13. a4 h4 14. b5 Na5 15. h3 hxg3 16. hxg4 Qh4 17. fxg3 Qh2+ 18. Kf2 Rh3 19. gxf5 Qxg3+ 20. Kg1 Rdh8 0-1

[Event "CZE-chT2F 1718"]
[Site "Czech Republic"]
[Date "2017.12.03"]
[Round "4.8"]
[White "Sramek, Vojtech"]
[Black "Baier, Pavel"]
[Result "1-0"]
[WhiteElo "2082"]
[BlackElo "2061"]
[PlyCount "57"]
[EventDate "2017.10.15"]
[EventType "team-tourn"]
[EventRounds "11"]
[EventCountry "CZE"]
[SourceTitle "EXT 2022"]
[Source "ChessBase"]
[SourceDate "2021.10.06"]
[SourceVersion "1"]
[SourceVersionDate "2021.10.06"]
[SourceQuality "1"]
[WhiteTeam "Orlova Slavia"]
[BlackTeam "Havirov Banik"]
[WhiteTeamCountry "CZE"]
[BlackTeamCountry "CZE"]

1. e4 c5 2. Nf3 Nc6 3. d4 cxd4 4. Nxd4 Qb6 5. Nb3 e6 6. Bd3 Nf6 7. Nc3 Be7 8. 0-0 Ne5 9. Be3 Qc7 10. f4 Nxd3 11. cxd3 0-0 12. Nb5 Qb8 13. Rc1 Ne8 14. Nxa7 Rxa7 15. Rxc8 Qxc8 16. Bxa7 Qa8 17. Bc5 Bxc5+ 18. Nxc5 Qa7 19. d4 b5 20. a3 d6 21. Nb3 Nf6 22. Qd3 Qa4 23. e5 dxe5 24. dxe5 Nd5 25. Nd4 Rc8 26. f5 Rc4 27. fxe6 fxe6 28. Nxe6 Qa7+ 29. Kh1 1-0

[Event "CZE-chT2F 1718"]
[Site "Czech Republic"]
[Date "2017.10.15"]
[Round "1.6"]
[White "Baier, Pavel"]
[Black "Holecek, Vladimir"]
[Result "1/2-1/2"]
[WhiteElo "2061"]
[BlackElo "1876"]
[PlyCount "102"]
[EventDate "2017.10.15"]
[EventType "team-tourn"]
[EventRounds "11"]
[EventCountry "CZE"]
[SourceTitle "EXT 2022"]
[Source "ChessBase"]
[SourceDate "2021.10.06"]
[SourceVersion "1"]
[SourceVersionDate "2021.10.06"]
[SourceQuality "1"]
[WhiteTeam "Havirov Banik"]
[BlackTeam "Frydek Mistek III"]
[WhiteTeamCountry "CZE"]
[BlackTeamCountry "CZE"]

1. e4 d5 2. exd5 Qxd5 3. Nc3 Qa5 4. Bc4 Nf6 5. d3 Nc6 6. h3 e6 7. Bd2 Bb4 8. Nf3 Bd7 9. a3 Bxc3 10. Bxc3 Qf5 11. Qe2 0-0-0 12. g4 Qf4 13. Qe3 Qxe3+ 14. fxe3 h6 15. 0-0-0 Ne7 16. Ne5 Rdf8 17. e4 Nc6 18. Nxc6 Bxc6 19. Bxf6 gxf6 20. Rhf1 Kd8 21. Rxf6 Ke7 22. Rdf1 Bd7 23. d4 b5 24. Be2 c6 25. Kd2 Rh7 26. Bd3 Rfh8 27. c4 bxc4 28. Bxc4 Rg7 29. d5 cxd5 30. exd5 exd5 31. Bxd5 Be6 32. Bxe6 fxe6 33. Ke3 h5 34. R6f4 hxg4 35. hxg4 Rb8 36. b4 a5 37. Rc1 Rg5 38. Rc7+ Kd6 39. Ra7 axb4 40. axb4 Rgb5 41. Rd4+ Rd5 42. Re4 e5 43. Ra6+ Kd7 44. Ra5 Rbb5 45. Rxb5 Rxb5 46. Rc4 Kd6 47. Ke4 Rb8 48. g5 Rf8 49. b5 Rf4+ 50. Kd3 Rf3+ 51. Ke4 Rf4+ 1/2-1/2

[Event "CZE-chT2F 1617"]
[Site "Czech Republic"]
[Date "2017.02.26"]
[Round "9.4"]
[White "Baier, Pavel"]
[Black "Svancara, Petr"]
[Result "0-1"]
[WhiteElo "2122"]
[BlackElo "2089"]
[PlyCount "78"]
[EventDate "2016.10.09"]
[EventType "team-tourn"]
[EventRounds "11"]
[EventCountry "CZE"]
[SourceTitle "EXT 2022"]
[Source "ChessBase"]
[SourceDate "2021.10.06"]
[SourceVersion "1"]
[SourceVersionDate "2021.10.06"]
[SourceQuality "1"]
[WhiteTeam "Orlova Slavia"]
[BlackTeam "Litovel Tatran II"]
[WhiteTeamCountry "CZE"]
[BlackTeamCountry "CZE"]

1. b3 e5 2. e3 Nf6 3. c4 Nc6 4. d3 d5 5. cxd5 Nxd5 6. Nf3 Bb4+ 7. Bd2 a5 8. a3 Bxd2+ 9. Qxd2 0-0 10. Qb2 Re8 11. Nbd2 f6 12. Be2 Be6 13. 0-0 Qe7 14. Rfd1 Rad8 15. Rac1 Nb8 16. d4 Bg4 17. dxe5 fxe5 18. Ne4 c6 19. h3 Bh5 20. Rd2 Nd7 21. Rcd1 N7f6 22. Nxf6+ gxf6 23. Kf1 Kh8 24. Ng1 Bf7 25. Bc4 b5 26. Bxd5 Rxd5 27. Rxd5 Bxd5 28. f3 Qf7 29. b4 Bb3 30. Rd6 axb4 31. axb4 Bd5 32. Qc3 Ra8 33. e4 Bc4+ 34. Kf2 Qa7+ 35. Qe3 Qe7 36. Rd2 Qxb4 37. f4 exf4 38. Qd4 Qxd2+ 39. Qxd2 Ra2 0-1

[Event "CZE-chT2F 1617"]
[Site "Czech Republic"]
[Date "2017.01.15"]
[Round "6.7"]
[White "Baier, Pavel"]
[Black "Kutalek, Jan"]
[Result "1/2-1/2"]
[WhiteElo "2122"]
[BlackElo "1713"]
[PlyCount "27"]
[EventDate "2016.10.09"]
[EventType "team-tourn"]
[EventRounds "11"]
[EventCountry "CZE"]
[SourceTitle "EXT 2022"]
[Source "ChessBase"]
[SourceDate "2021.10.06"]
[SourceVersion "1"]
[SourceVersionDate "2021.10.06"]
[SourceQuality "1"]
[WhiteTeam "Orlova Slavia"]
[BlackTeam "Karvina"]
[WhiteTeamCountry "CZE"]
[BlackTeamCountry "CZE"]

1. e4 c5 2. Nf3 Nc6 3. d3 e6 4. g3 d5 5. Nbd2 Nf6 6. Bg2 Be7 7. 0-0 0-0 8. Re1 Qc7 9. e5 Nd7 10. Qe2 f6 11. exf6 Nxf6 12. c4 Bd6 13. b3 Bd7 14. Bb2 1/2-1/2

[Event "CZE-chT1E 1617"]
[Site "Czech Republic"]
[Date "2016.11.06"]
[Round "2.2"]
[White "Kapusta, Petr"]
[Black "Baier, Pavel"]
[Result "1-0"]
[WhiteElo "2213"]
[BlackElo "2122"]
[PlyCount "79"]
[EventDate "2016.10.16"]
[EventType "team-tourn"]
[EventRounds "11"]
[EventCountry "CZE"]
[SourceTitle "CBM 175 Extra"]
[Source "ChessBase"]
[SourceDate "2016.12.12"]
[SourceVersion "1"]
[SourceVersionDate "2016.12.12"]
[SourceQuality "1"]
[WhiteTeam "Kromeriz"]
[BlackTeam "Havirov Banik"]
[WhiteTeamCountry "CZE"]
[BlackTeamCountry "CZE"]

1. e4 d5 2. exd5 Nf6 3. d4 Qxd5 4. Nc3 Qd6 5. Nb5 Qd8 6. c4 a6 7. Nc3 e6 8. Nf3 b5 9. cxb5 Bd6 10. bxa6 0-0 11. Bd3 Nxa6 12. a3 Nb4 13. Be2 h6 14. 0-0 Nbd5 15. Nb5 Ba6 16. Nxd6 Qxd6 17. Bxa6 Rxa6 18. Ne5 Rb8 19. Re1 Qb6 20. b4 Rd8 21. Bb2 Ne7 22. Qe2 Qb7 23. b5 Rad6 24. a4 Nf5 25. Qf3 Rd5 26. g3 R8d6 27. Nc4 Rxb5 28. Qxb7 Rxb7 29. Nxd6 cxd6 30. Reb1 Ne4 31. Bc1 Ra7 32. Be3 Nc3 33. Rb8+ Kh7 34. a5 Ne2+ 35. Kf1 Nexd4 36. Bxd4 Nxd4 37. a6 Nc6 38. Rb7 Ra8 39. Rxf7 Kg6 40. Rd7 1-0

[Event "CZE-chT2F 1415"]
[Site "Czech Republic"]
[Date "2015.04.19"]
[Round "11.36"]
[White "Hurta, Jiri"]
[Black "Baier, Pavel"]
[Result "1/2-1/2"]
[WhiteElo "1798"]
[BlackElo "2091"]
[PlyCount "23"]
[EventDate "2014.11.02"]
[EventType "team-tourn"]
[EventRounds "11"]
[EventCountry "CZE"]
[SourceTitle "EXT 2022"]
[Source "ChessBase"]
[SourceDate "2021.10.06"]
[SourceVersion "1"]
[SourceVersionDate "2021.10.06"]
[SourceQuality "1"]
[WhiteTeam "Ostrava Labortech II"]
[BlackTeam "Havirov Banik"]
[WhiteTeamCountry "CZE"]
[BlackTeamCountry "CZE"]

1. Nf3 Nf6 2. g3 g6 3. Bg2 Bg7 4. 0-0 0-0 5. c4 c5 6. Nc3 Nc6 7. d4 cxd4 8. Nxd4 Nxd4 9. Qxd4 d6 10. Qd3 a6 11. h3 Rb8 12. Be3 1/2-1/2

[Event "CZE-chT2F 1314"]
[Site "Czech Republic"]
[Date "2014.02.16"]
[Round "8.15"]
[White "Baier, Pavel"]
[Black "Surman, Martin"]
[Result "1/2-1/2"]
[WhiteElo "2084"]
[BlackElo "2191"]
[PlyCount "47"]
[EventDate "2013.11.03"]
[EventType "team-tourn"]
[EventRounds "11"]
[EventCountry "CZE"]
[SourceTitle "EXT 2016"]
[Source "ChessBase"]
[SourceDate "2015.10.08"]
[SourceVersion "1"]
[SourceVersionDate "2015.10.08"]
[SourceQuality "1"]
[WhiteTeam "Havirov Banik"]
[BlackTeam "Mosty u Jablunkova"]
[WhiteTeamCountry "CZE"]
[BlackTeamCountry "CZE"]

1. e4 c5 2. Nf3 Nc6 3. Bb5 Qb6 4. Nc3 e6 5. Bxc6 Qxc6 6. d4 cxd4 7. Nxd4 Qc7 8. 0-0 a6 9. a4 Nf6 10. h3 Bb4 11. Nde2 0-0 12. Bg5 b6 13. Qd3 Bb7 14. Bxf6 gxf6 15. Rad1 Bc6 16. Qf3 Qe5 17. Rd3 Kh8 18. Nd4 Bb7 19. Nde2 Bd6 20. Rxd6 Qxd6 21. Qxf6+ Kg8 22. Qg5+ Kh8 23. Qf6+ Kg8 24. Qg5+ 1/2-1/2

[Event "Havirov op 14th"]
[Site "Havirov"]
[Date "2013.08.31"]
[Round "8"]
[White "Malik, Jan"]
[Black "Baier, Pavel"]
[Result "1-0"]
[WhiteElo "2246"]
[BlackElo "2076"]
[PlyCount "65"]
[EventDate "2013.08.24"]
[EventType "swiss"]
[EventRounds "9"]
[EventCountry "CZE"]
[SourceTitle "CBM 156 Extra"]
[Source "ChessBase"]
[SourceDate "2013.10.22"]
[SourceVersion "1"]
[SourceVersionDate "2013.10.22"]
[SourceQuality "1"]

1. e4 d5 2. exd5 Nf6 3. d4 Bg4 4. Nf3 Qxd5 5. Nc3 Qd8 6. h3 Bxf3 7. Qxf3 c6 8. Be3 e6 9. Bd3 Nbd7 10. 0-0 Bd6 11. Ne4 Nxe4 12. Bxe4 0-0 13. c4 f5 14. Bc2 Qf6 15. Rad1 e5 16. dxe5 Nxe5 17. Qf4 h6 18. Rfe1 Bb4 19. Bd4 Ng6 20. Qe3 Qf7 21. c5 Kh7 22. Re2 Rae8 23. Qd3 Rxe2 24. Qxe2 Nf4 25. Qe5 Nd5 26. Bxf5+ Kh8 27. Be6 Qg6 28. Bxd5 cxd5 29. Qxd5 Rf7 30. a3 Ba5 31. c6 Rf5 32. Qd7 bxc6 33. Bxg7+ 1-0

[Event "Havirov op 14th"]
[Site "Havirov"]
[Date "2013.08.30"]
[Round "7"]
[White "Baier, Pavel"]
[Black "Zimniok, Lubomir"]
[Result "1-0"]
[WhiteElo "2076"]
[BlackElo "2153"]
[PlyCount "45"]
[EventDate "2013.08.24"]
[EventType "swiss"]
[EventRounds "9"]
[EventCountry "CZE"]
[SourceTitle "CBM 156 Extra"]
[Source "ChessBase"]
[SourceDate "2013.10.22"]
[SourceVersion "1"]
[SourceVersionDate "2013.10.22"]
[SourceQuality "1"]

1. e4 c5 2. Nf3 d6 3. d4 Nf6 4. Nc3 cxd4 5. Nxd4 a6 6. Bc4 e6 7. Be3 Qc7 8. Bb3 Be7 9. Qe2 0-0 10. g4 Nc6 11. g5 Nxd4 12. Bxd4 Nd7 13. Rg1 Nc5 14. 0-0-0 Nxb3+ 15. axb3 b5 16. Qh5 b4 17. Rd3 Qa5 18. Rh3 h6 19. gxh6 Qxh5 20. Rxh5 e5 21. hxg7 f6 22. Rh8+ Kf7 23. Rxf8+ 1-0

[Event "Orlova op 10th"]
[Site "Orlova"]
[Date "2013.05.14"]
[Round "2"]
[White "Baier, Pavel"]
[Black "Nespor, Ivan"]
[Result "1/2-1/2"]
[WhiteElo "2109"]
[BlackElo "1739"]
[PlyCount "43"]
[EventDate "2013.05.13"]
[EventType "swiss"]
[EventRounds "9"]
[EventCountry "CZE"]
[SourceTitle "CBM 154 Extra"]
[Source "ChessBase"]
[SourceDate "2013.06.25"]
[SourceVersion "2"]
[SourceVersionDate "2013.06.25"]
[SourceQuality "1"]

1. d4 Nf6 2. Nf3 g6 3. Bg5 Bg7 4. Nbd2 b6 5. e3 Bb7 6. Be2 d6 7. c3 Nbd7 8. 0-0 0-0 9. Qc2 c5 10. a4 Qc7 11. Bh4 e5 12. dxe5 dxe5 13. Rfd1 Bd5 14. Nc4 Be4 15. Qb3 Bf5 16. Nd6 Bg4 17. h3 Be6 18. Bc4 Bxc4 19. Qxc4 h6 20. Rd2 e4 21. Nxe4 Rad8 22. Rad1 1/2-1/2

[Event "CZE-chT2F 1213"]
[Site "Czech Republic"]
[Date "2013.01.06"]
[Round "6.52"]
[White "Baier, Pavel"]
[Black "Olsarova, Karolina"]
[Result "1/2-1/2"]
[WhiteElo "2101"]
[BlackElo "2241"]
[PlyCount "39"]
[EventDate "2012.10.14"]
[EventType "team-tourn"]
[EventRounds "11"]
[EventCountry "CZE"]
[SourceTitle "EXT 2016"]
[Source "ChessBase"]
[SourceDate "2015.10.08"]
[SourceVersion "1"]
[SourceVersionDate "2015.10.08"]
[SourceQuality "1"]
[WhiteTeam "Havirov Banik"]
[BlackTeam "Orlova Slavia II"]
[WhiteTeamCountry "CZE"]
[BlackTeamCountry "CZE"]

1. d4 d5 2. c4 c6 3. Nf3 Nf6 4. Nc3 dxc4 5. a4 Bf5 6. e3 e6 7. Bxc4 Bb4 8. 0-0 0-0 9. Qe2 Nbd7 10. h3 Bg6 11. Bd2 c5 12. dxc5 Bxc5 13. e4 Bh5 14. Bf4 e5 15. Be3 Qe7 16. Rfd1 Bxe3 17. Qxe3 Rac8 18. Bd5 Nc5 19. Rd2 Bxf3 20. Qxf3 1/2-1/2